MARC details
| 000 -CABECERA |
| campo de control de longitud fija |
00892nam a2200241 a 4500 |
| 001 - NÚMERO DE CONTROL |
| campo de control |
000024755 |
| 005 - FECHA Y HORA DE LA ÚLTIMA TRANSACCIÓN |
| campo de control |
20200930023341.0 |
| 008 - DATOS DE LONGITUD FIJA--INFORMACIÓN GENERAL |
| campo de control de longitud fija |
110203s1967 sp a r 000 0 spa d |
| 040 ## - FUENTE DE LA CATALOGACIÓN |
| Centro catalogador/agencia de origen |
DO-SdBNP |
| Lengua de catalogación |
spa |
| Centro/agencia transcriptor |
BNPHU |
| 082 ## - NÚMERO DE LA CLASIFICACIÓN DECIMAL DEWEY |
| Número de clasificación |
658.4013 |
| Número de documento/Ítem |
S589p |
| 049 ## - FONDOS LOCALES (OCLC) |
| Fondos de biblioteca |
BNGR |
| 100 1# - ENTRADA PRINCIPAL--NOMBRE DE PERSONA |
| Nombre de persona |
Simeray, Jean-Paul |
| 9 (RLIN) |
50788 |
| 245 10 - MENCIÓN DE TÍTULO |
| Título |
Principios y aplicaciones del control de gestión / |
| Mención de responsabilidad, etc. |
Jean-Paul Simeray ; traducido por Ma. Carmen Balzategui. |
| 260 ## - PUBLICACIÓN, DISTRIBUCIÓN, ETC. |
| Lugar de publicación, distribución, etc. |
Bilbao, (España) : |
| Nombre del editor, distribuidor, etc. |
Ediciones Deusto, |
| Fecha de publicación, distribución, etc. |
1967. |
| 300 ## - DESCRIPCIÓN FÍSICA |
| Extensión |
108, [20] p. : |
| Otras características físicas |
il. ; |
| Dimensiones |
21 cm. |
| 490 1# - MENCIÓN DE SERIE |
| Mención de serie |
Manuales prácticos gestión de empresas |
| -- |
E |
| Designación de volumen o secuencia |
1 |
| 650 #4 - PUNTO DE ACCESO ADICIONAL DE MATERIA--TÉRMINO DE MATERIA |
| Término de materia o nombre geográfico como elemento de entrada |
Control administrativo |
| 9 (RLIN) |
50789 |
| 650 #4 - PUNTO DE ACCESO ADICIONAL DE MATERIA--TÉRMINO DE MATERIA |
| Término de materia o nombre geográfico como elemento de entrada |
Control total en administración |
| 9 (RLIN) |
50790 |
| 650 #4 - PUNTO DE ACCESO ADICIONAL DE MATERIA--TÉRMINO DE MATERIA |
| Término de materia o nombre geográfico como elemento de entrada |
Control de calidad |
| 9 (RLIN) |
20593 |
| 650 #4 - PUNTO DE ACCESO ADICIONAL DE MATERIA--TÉRMINO DE MATERIA |
| Término de materia o nombre geográfico como elemento de entrada |
Control interno |
| 9 (RLIN) |
50791 |
| 700 1# - PUNTO DE ACCESO ADICIONAL--NOMBRE DE PERSONA |
| Nombre de persona |
Balzategui, Ma. Carmen |
| Término indicativo de función/relación |
tr. |
| 9 (RLIN) |
50792 |
| 830 #0 - PUNTO DE ACCESO ADICIONAL DE SERIE-TÍTULO UNIFORME |
| Título uniforme |
Manuales prácticos gestión de empresas |
| Nombre de parte o sección de la obra |
E |
| Designación de volumen o secuencia |
1 |
| 9 (RLIN) |
50793 |